000 00962nas a2200301 4500
001 BR0600263
003 BR-BrBNA
005 20231205105750.0
007 ta
008 230509b bl.|||p| |||| 00| 00por d
040 _aBR-BrBNA
_bpor
_cBiblioteca Nacional de Agricultura
041 _a(Pt)
072 _aJ11
100 1 _aOliveira, J.J. do V.
100 1 _aToledo, M.C. de F.
100 1 _aYotsuyanagi, K.
245 1 _aEstudo da degradação de thiabendazole e imazalil, em laranja "Pera" (Citrus sinensis (L.)Osbeck)tratada em pós-colheita
650 _aLARANJA PÊRA
650 _aPÓS-COLHEITA
650 _aFUNGICIDA
650 _aTRATAMENTO DE ALIMENTO
650 _aPULVERIZAÇÃO FOLIAR
650 _aARMAZENAMENTO
650 _aMÉTODO ESTATÍSTICO
773 0 _tBrazilian Journal of Food Technology (Brazil)
_xISSN 1519-0900
_g(2001), v. 4 p. 33-41
_wBR0600263
909 _a202311
_bLúcia
_c55
_dLúcia Elande
942 _2AGRIS
_n0
_cANA
999 _c184561
_d184561